LDR 00559naa#a2200169#i#450# 001 EN\\bibl\122979 005 20260513074948.3 011 ## _a2409-1073 100 ## _a20230920b2023####ek#y0engy0150####ca 102 ## _aRU 200 1# _aLabor deviation of youth on the example of a group of countries _eJournal article 210 1# _aMoscow _cNational Research University of Electronic Technology _d2023 215 ## _a0 с. 608 ## _aJournal article _2local 675 ## _aРынок труда. Занятость. 331.5 _z 700 #1 _aFalkovskaya _gKsenia I. 856 4# _aesgi-journal.ru _u